J. Cole Song by lyrics - Statistics

General Stats
  • This quiz has been taken 94 times
  • The average score is 9 of 23
Answer Stats
Hint Answer % Correct
I was a youngin straight crushin, tryna play the shit cool Wet Dreamz
76%
She think im spoiled and im rich cause i can have any bitch; i got defensive and said "Nah, i was the same without it" No Role Modelz
70%
Paying seventeen hundred for the rent, money well-spent. No heater, but a n**** made heat, may i vent Power Trip
70%
for what's money without happiness, or hard times without the people you love Love Yourz
68%
With a bad bitch in his ear, saying she's down for whatever she knows
49%
Never seen no one driving a bentley, i cant be out here mopping up wendys my life
44%
To the OGs, im thanking you now, was watching you when you was paving the ground Middle Child
41%
I made what your n**** make it one year, its unfair, but so is life Work out
41%
sometimes you worry bout the things he can provide for ya. whenever youre around, i seen it come alive for ya Deja vu
40%
There is no right or wrong, only a song. I like to right alone, be in my zone Apparently
39%
I feel for you, killing yourself to find a man that'll kill for you Crooked Smile
36%
bright lights pass me in the city, its emergency. Im thankful cause i made it passed my 30s, no one murdered me Pride is the devil
36%
Lord will you tell me if i changes, i wont tell nobody. i wanna go back to jermaine, and i wont tell nobody G.O.M.D
30%
and all the pain the world cause, she be healing that shit; and nah that aint your girl dawg but you be feeling that chick Lights please
30%
pop click, now the clip looking like chickfila on a sunday Huntin Wabbitz
28%
Im talking tens and better, hood bitches in timbs and sweaters. and we always argue bout the same things Nobodys Perfect
28%
run from the pain, sip lean, smoke tree up. When im in your town, press pound hit me up Kevins heart
27%
Now im at the garden sitting half court, watching jr. catch it off the backboard amari
25%
But im signed to the ROC, no time for the gossip, bitch, put down them tabloids Cant get enough
24%
I'm Hearing there's rats in the building, they sayin its not up to par with the health code Stealth mode
23%
So, girl, you gotta think bout how the options way out, whats the way out? Lost Ones
22%
Even when one of your idols look dead in your face and he told you "you cant", and you know that he meant it Trae the truth in ibiza
22%
(feature) Young jordan peele, gotta get out. But the shit that i spit out is a cheat code like im facing a RICO All My Life
19%
No matching quizzes found
Score Distribution
Percent of People with Each Score
Percentile by Number Answered
Your Score History
You have not taken this quiz